Statistiken für Länder mit dem Buchstaben U als zweitem Buchstaben

Klicken Sie hier um das Quiz zu spielen!

Allgemein

  • Dieses Quiz wurde 1.123 mal gespielt
  • Das Durchschnittsergebnis liegt bei 14 aus 23

Antwortstatistiken

Land% Korrekt
Australien
80%
Burundi
76%
Bulgarien
74%
Sudan
74%
Südsudan
71%
Südkorea
68%
Tuvalu
68%
Rumänien
66%
Ruanda
65%
Südafrika
64%
Turkmenistan
64%
Russland
63%
Türkei
63%
Guatemala
61%
Kuba
61%
Guinea
58%
Tunesien
56%
Guinea-Bissau
54%
Guyana
52%
Kuwait
50%
Suriname
50%
Burkina Faso
47%
Luxemburg
46%

Verteilung der Resultate

Perzentil nach korrekt beantworteten Fragen

Anzahl Personen mit jedem Resultat

Ihre Resultats-Entwicklung

Sie haben dieses Quiz noch nicht gespielt